| Tag |
First Indicator |
Second Indicator |
Subfields |
| LEADER |
00000cam a2200000Ka 4500 |
| 001 |
in00003514432 |
| 006 |
m o d |
| 007 |
cr bn||||||abp |
| 007 |
cr bn||||||ada |
| 008 |
100321s1985 nyua ob 101 0 eng d |
| 005 |
20260421180121.7 |
| 019 |
|
|
|a 629723656
|a 655057668
|
| 020 |
|
|
|a 9781461321316 (electronic bk.)
|
| 020 |
|
|
|a 146132131X (electronic bk.)
|
| 020 |
|
|
|z 0306421259
|
| 020 |
|
|
|z 9780306421259
|
| 035 |
|
|
|a (OCoLC)564000466
|z (OCoLC)629723656
|z (OCoLC)655057668
|
| 040 |
|
|
|a OCLCE
|b eng
|e pn
|c OCLCE
|d OCLCQ
|d OCLCF
|d OCLCO
|d GW5XE
|d UtOrBLW
|
| 042 |
|
|
|a dlr
|
| 049 |
|
|
|a TXAM
|
| 050 |
|
4 |
|a QP571.7
|b .M43 1985
|
| 060 |
|
4 |
|a WK 102
|b M486 1984
|
| 082 |
0 |
4 |
|a 574.87/5
|2 19
|
| 245 |
0 |
0 |
|a Mechanisms of receptor regulation /
|c edited by George Poste and Stanley T. Crooke.
|
| 264 |
|
1 |
|a New York :
|b Plenum Press,
|c [1985]
|
| 264 |
|
4 |
|c ©1985
|
| 300 |
|
|
|a 1 online resource (xxv, 432 pages) :
|b illustrations.
|
| 336 |
|
|
|a text
|b txt
|2 rdacontent
|
| 337 |
|
|
|a computer
|b c
|2 rdamedia
|
| 338 |
|
|
|a online resource
|b cr
|2 rdacarrier
|
| 490 |
1 |
|
|a New horizons in therapeutics
|
| 500 |
|
|
|a "Summarizes the proceedings of the Second Smith, Kline & French Research Symposium on New Horizons in Therapeutics, held in Philadelphia in 1984"--Preface.
|
| 504 |
|
|
|a Includes bibliographical references and index.
|
| 538 |
|
|
|a Master and use copy. Digital master created according to Benchmark for Faithful Digital Reproductions of Monographs and Serials, Version 1. Digital Library Federation, December 2002.
|u http://purl.oclc.org/DLF/benchrepro0212
|5 MiAaHDL
|
| 583 |
1 |
|
|a digitized
|c 2010
|h HathiTrust Digital Library
|l committed to preserve
|2 pda
|5 MiAaHDL
|
| 588 |
|
|
|a Description based on print version record.
|
| 500 |
|
|
|a Electronic resource.
|
| 650 |
|
0 |
|a Hormone receptors
|v Congresses.
|
| 650 |
|
0 |
|a Cell receptors
|v Congresses.
|
| 650 |
|
0 |
|a Metabolism
|x Regulation
|v Congresses.
|
| 650 |
|
2 |
|a Binding Sites
|v Congresses.
|
| 650 |
|
2 |
|a Receptors, Cell Surface
|v Congresses.
|
| 650 |
|
6 |
|a Récepteurs d'hormones
|x Congrès.
|
| 650 |
|
6 |
|a Récepteurs cellulaires
|x Congrès.
|
| 650 |
|
6 |
|a Métabolisme
|x Régulation
|x Congrès.
|
| 650 |
1 |
7 |
|a Hormoonreceptoren.
|2 gtt
|
| 650 |
1 |
7 |
|a Werking.
|2 gtt
|
| 650 |
|
7 |
|a Cell receptors.
|2 fast
|0 (OCoLC)fst00850227
|
| 650 |
|
7 |
|a Hormone receptors.
|2 fast
|0 (OCoLC)fst00960214
|
| 650 |
|
7 |
|a Metabolism
|x Regulation.
|2 fast
|0 (OCoLC)fst01017486
|
| 653 |
|
|
|a Organisms
|a Receptors
|a Regulation
|
| 655 |
|
7 |
|a Electronic books.
|2 local
|
| 655 |
|
7 |
|a Conference proceedings.
|2 fast
|0 (OCoLC)fst01423772
|
| 700 |
1 |
|
|a Poste, George.
|
| 700 |
1 |
|
|a Crooke, Stanley T.
|
| 710 |
2 |
|
|a SpringerLink (Online service)
|
| 711 |
2 |
|
|a Smith, Kline, and French Research Symposium on New Horizons in Therapeutics
|n (2nd :
|d 1984 :
|c Philadelphia, Pa.)
|
| 776 |
1 |
8 |
|i Print version:
|t Mechanisms of receptor regulation.
|d New York : Plenum Press, ©1985
|w (DLC) 85028339
|w (OCoLC)12973382
|
| 830 |
|
0 |
|a New horizons in therapeutics.
|
| 856 |
4 |
0 |
|u http://proxy.library.tamu.edu/login?url=https://link.springer.com/10.1007/978-1-4613-2131-6
|z Connect to the full text of this electronic book
|t 0
|
| 994 |
|
|
|a 92
|b TXA
|
| 999 |
|
|
|a MARS
|
| 999 |
f |
f |
|s dac72a81-7b6e-3794-9fa3-c1f99b6459cd
|i 8c7126f4-c1e2-3148-9d65-2b3a59567bc1
|t 0
|
| 952 |
f |
f |
|a Texas A&M University
|b College Station
|c Electronic Resources
|s www_evans
|d Available Online
|t 0
|e QP571.7 .M43 1985
|h Library of Congress classification
|
| 998 |
f |
f |
|a QP571.7 .M43 1985
|t 0
|l Available Online
|